000 00232nam a2200097Ia 4500
005 20251222114416.0
008 251222s1900||||xx |||||||||||||| ||spa||
082 _aDVD0111/R68/2009
245 0 _aUP: una aventura de altura:
942 _cDVD
999 _c2226
_d2226